书目信息 |
| 题名: |
贝叶斯统计分析及其应用
|
|
| 作者: | 韦程东 著 | |
| 分册: | ||
| 出版信息: | 北京 科学出版社 2015 |
|
| 页数: | 226页 | |
| 开本: | 24cm | |
| 丛书名: | ||
| 单 册: | ||
| 中图分类: | O212.8 | |
| 科图分类: | ||
| 主题词: | 贝叶斯统计量 | |
| 电子资源: | ||
| ISBN: | 978-7-03-043498-2 | |
| 000 | 00796nam0 2200229 450 | |
| 001 | 4566 | |
| 005 | 20181012131021.08 | |
| 010 | @a978-7-03-043498-2@dCNY78.00 | |
| 100 | @a20150920d2015 em y0chiy50 ea | |
| 101 | 0 | @achi |
| 102 | @aCN@b110000 | |
| 105 | @ay az 000yy | |
| 200 | 1 | @a贝叶斯统计分析及其应用@9bei ye si tong ji fen xi ji qi ying yong@f韦程东著 |
| 210 | @a北京@c科学出版社@d2015 | |
| 215 | @a226页@d24cm | |
| 320 | @a有书目 | |
| 330 | @a本书在独立随机变量条件下运用贝叶斯理论对在自然科学、工程技术、医学、环境科学、保险精算学、经济等诸多学科起重要作用的Rayleigh分布、Pareto分布、Poisson分布、Burr分布等进行深入研究。 | |
| 606 | 0 | @a贝叶斯统计量 |
| 690 | @aO212.8@v5 | |
| 701 | 0 | @a韦程东@9wei cheng dong@4著 |
| 801 | 0 | @aCN@b91MARC@c20150920 |
| 905 | @aMuseLib@dO212.8@e119 | |
| 贝叶斯统计分析及其应用/韦程东著.-北京:科学出版社,2015 |
| 226页;24cm |
| ISBN 978-7-03-043498-2:CNY78.00 |
| 本书在独立随机变量条件下运用贝叶斯理论对在自然科学、工程技术、医学、环境科学、保险精算学、经济等诸多学科起重要作用的Rayleigh分布、Pareto分布、Poisson分布、Burr分布等进行深入研究。 |
| ● |
| 相关链接 |
|
|
|
|
正题名:贝叶斯统计分析及其应用
索取号:O212.8/119
 
预约/预借
| 序号 | 登录号 | 条形码 | 馆藏地/架位号 | 状态 | 备注 |
| 1 | 1125746 | 211257469 | 第二样本阅览室/ [索取号:O212.8/119] | 在馆 | |
| 2 | 1125747 | 211257478 | 第三借阅区/ [索取号:O212.8/119] | 在馆 | |
| 3 | 1125748 | 211257487 | 第三借阅区/ [索取号:O212.8/119] | 在馆 | |
| 4 | 1125749 | 211257496 | 第三借阅区/ [索取号:O212.8/119] | 在馆 | |
| 5 | 1125750 | 211257502 | 数信系资料室/ [索取号:O212.8/119] | 在馆 |